[Event "Politiken Cup 2007"]
[Site "Helsingor"]
[Date "2007.07.21"]
[Round "1.68"]
[White "Dalberg, Preben"]
[Black "Palsson, Svanberg Mar"]
[Result "1/2-1/2"]
[WhiteElo "2205"]
[BlackElo "1817"]
[PlyCount "103"]
[EventDate "2007.??.??"]

1. d4 Nf6 2. c4 g6 3. Nc3 Bg7 4. Nf3 O-O 5. Bg5 d6 6. e3 Nbd7 7. Be2 c5 8. Qc2
cxd4 9. Nxd4 a5 10. O-O Nc5 11. Rfd1 Be6 12. e4 Nfd7 13. Qd2 Ne5 14. b3 Nc6 15.
Be3 Qd7 16. Rac1 f5 17. exf5 Nxd4 18. fxe6 Ncxe6 19. Bg4 Nf5 20. Nd5 Qe8 21.
Nb6 Rd8 22. Nd5 Ned4 23. Bxf5 Nxf5 24. Bg5 h6 25. Be3 Nxe3 26. Qxe3 Qf7 27. Rc2
e6 28. Nc3 d5 29. Ne2 dxc4 30. Rdc1 Qf5 31. f3 Rd3 32. Qb6 c3 33. Qxb7 Rd1+ 34.
Kf2 Qc5+ 35. Kg3 Be5+ 36. Kh3 Bd6 37. g4 Qf2 38. Ng3 Rd2 39. Rxd2 cxd2 40. Rd1
Bxg3 41. hxg3 Qe2 42. Qe4 Qxe4 43. fxe4 Rf2 44. g5 h5 45. g4 Rf3+ 46. Kg2 Rf4
47. gxh5 gxh5 48. Rxd2 Rxe4 49. Kf3 Rg4 50. Re2 Kf7 51. Re5 a4 52. g6+ 1/2-1/2

[Event "Politiken Cup 2007"]
[Site "Helsingor"]
[Date "2007.07.21"]
[Round "1.69"]
[White "Vaarala, Eric"]
[Black "Rossen, Claus"]
[Result "0-1"]
[WhiteElo "1813"]
[BlackElo "2200"]
[PlyCount "98"]
[EventDate "2007.??.??"]

1. d4 Nf6 2. c4 g6 3. Nc3 d5 4. Nf3 Bg7 5. e3 O-O 6. Be2 c5 7. O-O cxd4 8. Nxd4
Nc6 9. cxd5 Nxd5 10. Nxd5 Qxd5 11. Bf3 Qc5 12. Nxc6 bxc6 13. Qa4 Rb8 14. Rb1
Bf5 15. e4 Be6 16. Be3 Qb4 17. Qxb4 Rxb4 18. b3 Rb7 19. Rbc1 Rc7 20. Rc5 Bb2
21. Rb1 Ba3 22. Ra5 Bb4 23. Ra4 c5 24. Rc1 a5 25. a3 Bxb3 26. Rxb4 axb4 27.
axb4 c4 28. b5 e5 29. b6 Rc6 30. Rc3 Rd8 31. h3 Bd1 32. b7 Bxf3 33. Ba7 Bxe4
34. b8=Q Rxb8 35. Bxb8 f6 36. f4 exf4 37. Bxf4 Bd5 38. h4 Rb6 39. g3 Rb2 40.
Kf1 Kf7 41. Ke1 Ke6 42. g4 Rg2 43. Re3+ Kf7 44. g5 Rg4 45. Bd6 Be6 46. Rf3 Bf5
47. Re3 Be6 48. Rf3 Re4+ 49. Kd2 Rd4+ 0-1

[Event "Politiken Cup 2007"]
[Site "Helsingor"]
[Date "2007.07.21"]
[Round "1.70"]
[White "Christensen, Svend Ellegaard"]
[Black "Thorsteinsdottir, Hallgerdur"]
[Result "1-0"]
[WhiteElo "2199"]
[BlackElo "1808"]
[PlyCount "47"]
[EventDate "2007.??.??"]

1. d4 Nf6 2. Nf3 g6 3. Bf4 Bg7 4. h3 O-O 5. Nbd2 d5 6. e3 c5 7. c3 Nc6 8. Be2
e6 9. dxc5 Nd7 10. Bd6 Re8 11. Qc2 a5 12. Rd1 Bf8 13. Bxf8 Rxf8 14. h4 Nxc5 15.
h5 Qf6 16. a3 Ne7 17. e4 dxe4 18. Nxe4 Nxe4 19. Qxe4 Qf5 20. Qh4 Nd5 21. hxg6
Qxg6 22. Rh3 Kh8 23. c4 Nb6 24. Rg3 1-0

[Event "Politiken Cup 2007"]
[Site "Helsingor"]
[Date "2007.07.21"]
[Round "1.71"]
[White "Persson, Borje"]
[Black "Blomstrom, Lars"]
[Result "1/2-1/2"]
[WhiteElo "1804"]
[BlackElo "2197"]
[PlyCount "66"]
[EventDate "2007.??.??"]

1. e4 e5 2. Nf3 Nc6 3. Bb5 a6 4. Ba4 Nf6 5. O-O Be7 6. Re1 b5 7. Bb3 O-O 8. c3
d6 9. h3 Na5 10. Bc2 c5 11. d4 Nd7 12. Nbd2 cxd4 13. cxd4 Nc6 14. Nf1 exd4 15.
Nxd4 Nxd4 16. Qxd4 Ne5 17. Qd1 Bf6 18. Ne3 g6 19. Rb1 Bg7 20. b3 Re8 21. Nd5
Be6 22. Bb2 Rc8 23. f4 Bxd5 24. fxe5 Bb7 25. exd6 Bxb2 26. Rxb2 Qf6 27. d7 Qxb2
28. dxe8=Q+ Rxe8 29. Qd7 Rf8 30. Qxb7 Qxc2 31. Qxa6 Qc5+ 32. Kh1 Qf2 33. Rg1
Rb8 1/2-1/2

[Event "Politiken Cup 2007"]
[Site "Helsingor"]
[Date "2007.07.21"]
[Round "1.72"]
[White "Flindt, Thomas"]
[Black "Melkaraen, Terje"]
[Result "1-0"]
[WhiteElo "2196"]
[BlackElo "1801"]
[PlyCount "54"]
[EventDate "2007.??.??"]

1. e4 e6 2. d4 d5 3. Nc3 dxe4 4. f3 e3 5. Bxe3 Nf6 6. Bd3 Nc6 7. a3 Bd6 8. Nge2
b6 9. O-O Bb7 10. Qe1 Ne7 11. Ne4 Ng6 12. Nxd6+ Qxd6 13. Nc3 O-O 14. Ne4 Nxe4
15. fxe4 f5 16. exf5 exf5 17. Rxf5 Rxf5 18. Bxf5 Qd5 19. Bh3 Re8 20. Qf2 Nh4
21. Re1 g5 22. Bd2 Rxe1+ 23. Bxe1 Kg7 24. Bb4 c5 25. dxc5 Qd1+ 26. Qe1 Qxe1+
27. Bxe1 bxc5 1-0

[Event "Politiken Cup 2007"]
[Site "Helsingor"]
[Date "2007.07.21"]
[Round "1.73"]
[White "Hedler, Robert"]
[Black "Thorhallsson, Gylfi"]
[Result "0-1"]
[WhiteElo "1800"]
[BlackElo "2195"]
[PlyCount "95"]
[EventDate "2007.??.??"]

1. d4 Nf6 2. c4 e6 3. a3 b6 4. Nc3 Bb7 5. e3 Be7 6. Nf3 O-O 7. Bd3 c5 8. O-O d6
9. b3 Nc6 10. Bb2 cxd4 11. exd4 d5 12. Ne2 Rc8 13. Rc1 Bd6 14. Re1 Qe7 15. Ra1
dxc4 16. bxc4 Na5 17. Nd2 Ng4 18. g3 Nxh2 19. f4 Nf3+ 20. Nxf3 Bxf3 21. Bxh7+
Kxh7 22. Qd3+ g6 23. Qxf3 Nxc4 24. Qh1+ Kg7 25. Bc3 Ne3 26. Qe4 Nd5 27. Bb2 Rc4
28. Rec1 Rfc8 29. Rxc4 Rxc4 30. Kf2 Qc7 31. Rh1 Rc2 32. Bc1 Qc4 33. f5 gxf5 34.
Bh6+ Kg8 35. Qf3 Qxd4+ 36. Kg2 Qe4 37. Qxe4 fxe4 38. Kf1 Bxa3 39. Nd4 Rc4 40.
Nb5 Bc5 41. Rh4 f5 42. Nxa7 Rc2 43. Rh5 e3 44. Nc6 e2+ 45. Ke1 Bd6 46. Rg5+ Kh7
47. Nd8 Bb4+ 48. Kf2 0-1

[Event "Politiken Cup 2007"]
[Site "Helsingor"]
[Date "2007.07.21"]
[Round "1.74"]
[White "Zelbel, Patrick"]
[Black "Holst, Peter"]
[Result "1-0"]
[WhiteElo "2193"]
[BlackElo "1800"]
[PlyCount "57"]
[EventDate "2007.??.??"]

1. e4 c5 2. c3 d6 3. d4 cxd4 4. cxd4 g6 5. Nc3 Bg7 6. Nf3 e6 7. Bd3 Ne7 8. O-O
O-O 9. e5 dxe5 10. dxe5 Nbc6 11. Bf4 Nd5 12. Nxd5 exd5 13. Re1 Bg4 14. h3 Bxf3
15. Qxf3 Re8 16. Qg3 Re6 17. Re2 Rc8 18. Rae1 Qb6 19. Bb1 Rce8 20. a3 Kh8 21.
Ba2 Qa5 22. Rd1 Bxe5 23. Rxd5 Bxf4 24. Qxf4 Qb6 25. Rxe6 Rxe6 26. Qxf7 Re1+ 27.
Kh2 Ne7 28. Qf8+ Ng8 29. Rd7 1-0

[Event "Politiken Cup 2007"]
[Site "Helsingor"]
[Date "2007.07.21"]
[Round "1.75"]
[White "Nilsson, Ulf"]
[Black "Pedersen, Henrik B"]
[Result "0-1"]
[WhiteElo "1800"]
[BlackElo "2189"]
[PlyCount "26"]
[EventDate "2007.??.??"]

1. d4 Nf6 2. Nf3 e6 3. g3 d5 4. Bg2 Be7 5. O-O O-O 6. c4 dxc4 7. Nc3 c5 8. e4
cxd4 9. Nxd4 e5 10. Ndb5 Nc6 11. Qa4 a6 12. Rd1 Bd7 13. Bg5 Nd4 0-1

[Event "Politiken Cup 2007"]
[Site "Helsingor"]
[Date "2007.07.21"]
[Round "1.76"]
[White "Duchene, Rene"]
[Black "Szalai, Janos"]
[Result "1-0"]
[WhiteElo "2188"]
[BlackElo "1784"]
[PlyCount "83"]
[EventDate "2007.??.??"]

1. Nf3 Nf6 2. c4 c6 3. d4 d5 4. e3 g6 5. Nc3 Bg7 6. Be2 dxc4 7. Bxc4 b5 8. Bb3
e6 9. O-O O-O 10. Re1 Nbd7 11. e4 Nb6 12. Bf4 b4 13. Na4 Nxa4 14. Bxa4 Bb7 15.
Qc2 Nh5 16. Be3 Qa5 17. Bb3 Nf6 18. h3 Rac8 19. Nd2 Nd7 20. Nc4 Qc7 21. Rad1
Rfe8 22. Qc1 Ba6 23. Bf4 e5 24. Bg3 Bxc4 25. Qxc4 Nb6 26. Qxb4 Qe7 27. Qxe7
Rxe7 28. d5 cxd5 29. exd5 Rce8 30. f3 Rd7 31. Re2 Red8 32. Red2 Nc8 33. Bh4 f6
34. Bf2 Nd6 35. Rc2 Kh8 36. Ba4 Rb7 37. Bc6 Rc7 38. Be1 Nf5 39. Ba5 Rcc8 40.
Bxd8 Ne3 41. Ba5 Nxc2 42. d6 1-0

[Event "Politiken Cup 2007"]
[Site "Helsingor"]
[Date "2007.07.21"]
[Round "1.78"]
[White "Wiwe, Andreas"]
[Black "Søndergaard, Thomas"]
[Result "1/2-1/2"]
[WhiteElo "2187"]
[BlackElo "1778"]
[PlyCount "126"]
[EventDate "2007.??.??"]

1. e4 c5 2. Nf3 Nc6 3. Bb5 Qc7 4. O-O e6 5. Nc3 Be7 6. Re1 d6 7. d4 cxd4 8.
Nxd4 Nf6 9. Be3 O-O 10. Bf1 a6 11. a4 Rd8 12. g3 Na5 13. Qe2 b6 14. Rad1 Bb7
15. Bg2 d5 16. Bf4 Qc5 17. e5 Ne8 18. Qg4 Nc6 19. Bc1 Nxd4 20. Rxd4 h5 21. Qd1
b5 22. Be3 g6 23. Ne2 Qc7 24. Bf4 Bc5 25. axb5 axb5 26. Rd3 Qb6 27. Nd4 Ra2 28.
Bc1 Ng7 29. Bh3 Rda8 30. b3 b4 31. Be3 Ba6 32. Rd2 Bb5 33. Qf3 Ra1 34. Red1
R8a2 35. Nxb5 Qxb5 36. Bf1 Qb6 37. Bxc5 Qxc5 38. Bd3 Qc3 39. Qe2 Qc5 40. Kg2
Ne8 41. h4 Ng7 42. Qf3 Qc3 43. Qf4 Rxd1 44. Rxd1 Qc5 45. Re1 Qb6 46. Qe3 Qxe3
47. Rxe3 Ra8 48. Kf1 Nf5 49. Bxf5 gxf5 50. Ke2 f6 51. f4 Kf7 52. Rd3 Ke7 53.
Rd4 Rb8 54. Kd2 Rb7 55. c3 bxc3+ 56. Kxc3 fxe5 57. fxe5 Kd7 58. Ra4 Kc7 59. Kb2
Rb6 60. Ra7+ Rb7 61. Ra4 Rb6 62. Ra7+ Rb7 63. Ra1 Kb6 1/2-1/2

[Event "Politiken Cup 2007"]
[Site "Helsingor"]
[Date "2007.07.21"]
[Round "1.79"]
[White "Lie, Terje"]
[Black "Laursen, Niels Norskov"]
[Result "0-1"]
[WhiteElo "1772"]
[BlackElo "2186"]
[PlyCount "82"]
[EventDate "2007.??.??"]

1. d4 Nf6 2. c4 c5 3. d5 e6 4. Nc3 exd5 5. Nxd5 Nxd5 6. cxd5 d6 7. e4 g6 8. Be3
Bg7 9. Qc2 O-O 10. Bd3 Na6 11. a3 b5 12. Nf3 Bg4 13. Be2 Rc8 14. O-O Bxf3 15.
Bxf3 Qc7 16. Rab1 c4 17. b4 Nb8 18. Bg4 Nd7 19. f4 Rce8 20. Bf3 Nb6 21. Rfe1
Na4 22. Rbd1 Nb2 23. Bd4 Nxd1 24. Bxg7 Kxg7 25. Rxd1 Qb6+ 26. Qf2 f6 27. Qd4
Re7 28. g3 Ra8 29. Kg2 Qxd4 30. Rxd4 a5 31. e5 fxe5 32. fxe5 Rxe5 33. a4 axb4
34. axb5 Ra2+ 35. Kh3 Rc2 36. b6 Re7 37. Bd1 Rc1 38. Ba4 b3 39. Bxb3 cxb3 40.
Rb4 Rb7 41. Rxb3 Rc5 0-1

[Event "Politiken Cup 2007"]
[Site "Helsingor"]
[Date "2007.07.21"]
[Round "1.80"]
[White "Tadjerbashi, Amir"]
[Black "Almasy, Alexander"]
[Result "1-0"]
[WhiteElo "2182"]
[BlackElo "1752"]
[PlyCount "61"]
[EventDate "2007.??.??"]

1. e4 c5 2. Nf3 d6 3. d4 cxd4 4. Nxd4 Nf6 5. Nc3 a6 6. g3 e5 7. Nde2 Be6 8. Bg2
Be7 9. h3 Nbd7 10. O-O Nb6 11. f4 Rc8 12. Kh1 O-O 13. a3 Qc7 14. g4 Rfd8 15.
Qe1 Bc4 16. Qf2 Bxe2 17. Qxe2 Nc4 18. g5 Ne8 19. Nd5 Qd7 20. b3 Na5 21. Nb6 Qc6
22. Nxc8 Rxc8 23. Ra2 Nc7 24. Bd2 Qb6 25. b4 Nc6 26. Be3 Qb5 27. c4 Qa4 28. f5
f6 29. g6 h6 30. Qd2 Rf8 31. Bf3 1-0

[Event "Politiken Cup 2007"]
[Site "Helsingor"]
[Date "2007.07.21"]
[Round "1.81"]
[White "Joensen, Jogvan"]
[Black "Leszczynski, Krzysztof"]
[Result "1/2-1/2"]
[WhiteElo "1752"]
[BlackElo "2180"]
[PlyCount "128"]
[EventDate "2007.??.??"]

1. d4 d5 2. Nf3 Nf6 3. Bf4 c5 4. e3 Qb6 5. b3 Nc6 6. c3 Bg4 7. Be2 e6 8. O-O
Be7 9. Nbd2 O-O 10. h3 Bh5 11. Ne5 Bxe2 12. Qxe2 Rac8 13. dxc5 Bxc5 14. a4 Nxe5
15. Bxe5 Nd7 16. Nf3 f6 17. a5 Qxb3 18. Rfb1 Qc4 19. Qxc4 dxc4 20. Bd4 Rc7 21.
Nd2 b6 22. Bxc5 Rxc5 23. axb6 axb6 24. Ra7 Rd8 25. Nf3 Ra5 26. Rc7 Rc5 27. Ra7
b5 28. Nd4 Nf8 29. Rxb5 Rxb5 30. Nxb5 Rd1+ 31. Kh2 Rd5 32. Nd4 e5 33. Nf5 Rd7
34. Rxd7 Nxd7 35. Nd6 Nb6 36. g4 Kf8 37. Kg2 Ke7 38. Nf5+ Kf7 39. Nd6+ Ke6 40.
Ne4 Kd5 41. Nd2 Na4 42. e4+ Kc5 43. Nb1 Nb2 44. Kf3 g5 45. Ke3 Nd3 46. Nd2 Nf4
47. Nf1 Nxh3 48. Ng3 Nf4 49. Nf5 h5 50. gxh5 Nxh5 51. Kd2 g4 52. Kc2 Kc6 53.
Kd2 Kb5 54. Nd6+ Kc5 55. Nf5 Kc6 56. Kc2 Kd7 57. Kd2 Ke6 58. Kc2 Kd7 59. Kd2
Kc6 60. Kc2 Kb5 61. Nd6+ Kc5 62. Nf5 Nf4 63. Ne3 g3 64. fxg3 Ne2 1/2-1/2

[Event "Politiken Cup 2007"]
[Site "Helsingor"]
[Date "2007.07.21"]
[Round "1.82"]
[White "Zhao, Parker"]
[Black "Meier, Lars"]
[Result "1-0"]
[WhiteElo "2180"]
[BlackElo "1744"]
[PlyCount "47"]
[EventDate "2007.??.??"]

1. e4 d5 2. exd5 Nf6 3. Bb5+ Bd7 4. Be2 Nxd5 5. d4 e6 6. Nf3 c5 7. c4 Nf6 8.
O-O cxd4 9. Nxd4 Nc6 10. Nb5 a6 11. Nd6+ Bxd6 12. Qxd6 Rc8 13. Qg3 g6 14. Nc3
Nd4 15. Bd3 Rg8 16. Bg5 Nh5 17. Qe3 Qb6 18. Nd5 Qa7 19. Ne7 Rg7 20. Nxc8 Bxc8
21. c5 Nf5 22. Bxf5 gxf5 23. Rad1 Qb8 24. Rd8# 1-0

[Event "Politiken Cup 2007"]
[Site "Helsingor"]
[Date "2007.07.21"]
[Round "1.83"]
[White "Palvig, David Kinch"]
[Black "Nielsen, Jan Mose"]
[Result "0-1"]
[WhiteElo "1741"]
[BlackElo "2175"]
[PlyCount "56"]
[EventDate "2007.??.??"]

1. d4 d5 2. Nf3 Nf6 3. Bf4 c5 4. e3 Qb6 5. Qc1 Nc6 6. c3 Bf5 7. Nbd2 e6 8. Be2
Rc8 9. Nb3 c4 10. Nbd2 h6 11. h3 Be7 12. O-O g5 13. Be5 g4 14. Nh4 gxh3 15.
Nxf5 hxg2 16. Ng7+ Kd7 17. Re1 h5 18. Nxh5 Nxe5 19. Nxf6+ Bxf6 20. f4 Rcg8 21.
fxe5 Rh1+ 22. Kf2 Bh4+ 23. Kf3 Rh3+ 24. Kf4 Bg3+ 25. Kf3 Bxe1+ 26. Kf4 Rh4+ 27.
Bg4 Rgxg4+ 28. Kf3 g1=N# 0-1

[Event "Politiken Cup 2007"]
[Site "Helsingor"]
[Date "2007.07.21"]
[Round "1.84"]
[White "Salama, Omar"]
[Black "Nielsen, Martin Skovso"]
[Result "1-0"]
[WhiteElo "2173"]
[BlackElo "1735"]
[PlyCount "65"]
[EventDate "2007.??.??"]

1. Nf3 c5 2. g3 Nc6 3. Bg2 d5 4. d4 e6 5. O-O Bd6 6. c4 Nge7 7. cxd5 exd5 8.
Nc3 O-O 9. Nb5 c4 10. Nxd6 Qxd6 11. Bf4 Qb4 12. b3 Bf5 13. bxc4 Qxc4 14. Qd2
Rac8 15. Qb2 b6 16. Rfc1 Qa4 17. Qb3 Qxb3 18. axb3 a5 19. e3 f6 20. Ne1 Rfd8
21. h4 h6 22. h5 Kf7 23. Bf3 Be4 24. Be2 Nb4 25. Bc7 Rxc7 26. Rxc7 Kf8 27. Rac1
Na2 28. Rd1 Nb4 29. Nd3 Nxd3 30. Bxd3 Bf3 31. Rdc1 Bxh5 32. Rb7 Nc8 33. Rb8 1-0

[Event "Politiken Cup 2007"]
[Site "Helsingor"]
[Date "2007.07.21"]
[Round "1.85"]
[White "Jorgensen, Orla Eilegaard"]
[Black "Smeele, Frank"]
[Result "0-1"]
[WhiteElo "1731"]
[BlackElo "2173"]
[PlyCount "54"]
[EventDate "2007.??.??"]

1. f4 g6 2. Nf3 Bg7 3. e4 c5 4. Bc4 e6 5. O-O Ne7 6. c3 O-O 7. d4 d5 8. exd5
exd5 9. Bb3 c4 10. Bc2 Nd7 11. b3 Nf6 12. Nbd2 cxb3 13. axb3 Nf5 14. Re1 Qc7
15. Nb1 Nd6 16. Ne5 Bf5 17. Bxf5 Nxf5 18. c4 dxc4 19. bxc4 Rfd8 20. Bb2 Qb6 21.
Qc1 Nxd4 22. Bxd4 Qxd4+ 23. Qe3 Qxa1 24. Nxf7 Qd4 25. Nxd8 Rxd8 26. Nc3 Ng4 27.
Qxd4 Bxd4+ 0-1

[Event "Politiken Cup 2007"]
[Site "Helsingor"]
[Date "2007.07.21"]
[Round "1.86"]
[White "Jørgensen, Carina Eilegaard"]
[Black "Gretarsson, Hjorvar Stein"]
[Result "0-1"]
[WhiteElo "1726"]
[BlackElo "2168"]
[PlyCount "54"]
[EventDate "2007.??.??"]

1. e4 c5 2. Nf3 Nc6 3. d4 cxd4 4. Nxd4 Nf6 5. Nc3 d6 6. Be3 e5 7. Nde2 Ng4 8.
Qd2 Be6 9. O-O-O Be7 10. f4 Nxe3 11. Qxe3 O-O 12. Nd5 Bxd5 13. exd5 exf4 14.
Nxf4 Ne5 15. Bd3 Bg5 16. Qe4 g6 17. g3 Re8 18. h4 Bf6 19. h5 Qb6 20. b3 Ng4 21.
Ne6 fxe6 22. Qxg4 Qe3+ 23. Rd2 Bg5 24. hxg6 Qxd2+ 25. Kb1 exd5 26. gxh7+ Kh8
27. Rh5 Qc1# 0-1

[Event "Politiken Cup 2007"]
[Site "Helsingor"]
[Date "2007.07.21"]
[Round "1.87"]
[White "Vas, Peter"]
[Black "Larsen, Tor Ketil"]
[Result "0-1"]
[WhiteElo "2166"]
[BlackElo "1694"]
[PlyCount "68"]
[EventDate "2007.??.??"]

1. e4 d5 2. exd5 Qxd5 3. Nc3 Qd6 4. d4 Nf6 5. Bc4 a6 6. Nf3 b5 7. Bb3 e6 8. O-O
Bb7 9. Qe2 Be7 10. Bg5 Nbd7 11. Rad1 O-O 12. Ne5 Rad8 13. Rfe1 c5 14. dxc5 Qxe5
15. Qxe5 Nxe5 16. Rxe5 b4 17. Rde1 bxc3 18. bxc3 Bd5 19. h4 h6 20. Bxd5 Nxd5
21. c4 Nf6 22. Be3 Ng4 23. Re4 Nxe3 24. R1xe3 Bxc5 25. Re2 Rd6 26. g3 Rfd8 27.
Re5 Bb4 28. Kg2 Kf8 29. R2e4 Rd4 30. Kf3 Ke7 31. a3 Rxe4 32. Kxe4 f6 33. Rh5
f5+ 34. Kf3 Bd2 0-1

[Event "Politiken Cup 2007"]
[Site "Helsingor"]
[Date "2007.07.21"]
[Round "1.88"]
[White "Thorfinnsdottir, Elsa Maria"]
[Black "Petersen, Steen"]
[Result "0-1"]
[WhiteElo "1693"]
[BlackElo "2165"]
[PlyCount "46"]
[EventDate "2007.??.??"]

1. e4 e5 2. Nf3 Nc6 3. Bc4 Nf6 4. Nc3 Nxe4 5. Nxe4 d5 6. Bxd5 Qxd5 7. d3 Bg4 8.
h3 Bh5 9. g4 Bg6 10. Nc3 Bb4 11. Bd2 Bxc3 12. Bxc3 O-O-O 13. O-O f6 14. Nd2 Kb8
15. Qf3 Qd7 16. Nc4 h5 17. g5 Qe6 18. gxf6 gxf6 19. Ne3 Rhg8 20. Kh2 Nd4 21.
Bxd4 Rxd4 22. Ng2 Be8 23. Rfe1 Bc6 0-1

[Event "Politiken Cup 2007"]
[Site "Helsingor"]
[Date "2007.07.21"]
[Round "1.89"]
[White "Andersen, Ib Hother"]
[Black "Wilhelm, Holger"]
[Result "1-0"]
[WhiteElo "2162"]
[BlackElo "1690"]
[PlyCount "135"]
[EventDate "2007.??.??"]

1. e4 e6 2. d4 d5 3. Nc3 Nf6 4. e5 Nfd7 5. f4 c5 6. Nf3 Nc6 7. Be3 cxd4 8. Nxd4
Nxd4 9. Bxd4 g5 10. Qh5 gxf4 11. O-O-O h6 12. Nxd5 Bg7 13. Nxf4 Qg5 14. Qxg5
hxg5 15. Nd3 b6 16. Be2 Bb7 17. Bf3 Bxf3 18. gxf3 Rh3 19. Rdf1 O-O-O 20. Rf2
Kb7 21. f4 gxf4 22. Nxf4 Bh6 23. Kb1 Rh4 24. Ne2 Re4 25. c3 Nxe5 26. Bxe5 Rxe5
27. Rxf7+ Ka6 28. Nd4 Rf8 29. Rxa7+ Kxa7 30. Nc6+ Kb7 31. Nxe5 Rf5 32. Re1 Bf4
33. Nd3 Bxh2 34. Rxe6 Rg5 35. Kc2 Rg2+ 36. Kb3 Rg3 37. Nb4 Rg5 38. a4 Rh5 39.
Re7+ Kc8 40. Nc6 Bd6 41. Rf7 Bh2 42. Nd4 Bg1 43. Kb4 Be3 44. b3 Bd2 45. Rf2 Be3
46. Re2 Bg1 47. Nb5 Bc5+ 48. Kc4 Rh4+ 49. Kd5 Rh5+ 50. Re5 Rh1 51. b4 Bf2 52.
Kc6 Rh6+ 53. Nd6+ Kb8 54. Re8+ Ka7 55. Re7+ Ka8 56. c4 Bg1 57. Rd7 Bf2 58. Kb5
Bg3 59. Nc8 Bf2 60. Rd6 Rh5+ 61. Ka6 Kb8 62. Nxb6 Kc7 63. c5 Rg5 64. Nd5+ Kc8
65. Kb6 Rg7 66. Kc6 Kb8 67. Rd8+ Ka7 68. Rd7+ 1-0

[Event "Politiken Cup 2007"]
[Site "Helsingor"]
[Date "2007.07.21"]
[Round "1.90"]
[White "Clausen, HansJørgen"]
[Black "Kaaber, Jacob"]
[Result "0-1"]
[WhiteElo "1667"]
[BlackElo "2162"]
[PlyCount "104"]
[EventDate "2007.??.??"]

1. d4 Nf6 2. Nf3 e6 3. c4 b6 4. e3 Bb7 5. Be2 Be7 6. Nc3 Ne4 7. Nxe4 Bxe4 8.
O-O O-O 9. Nd2 Bb7 10. Bf3 Bxf3 11. Nxf3 d5 12. cxd5 exd5 13. Qc2 Bd6 14. b3 a5
15. Bb2 Re8 16. Qf5 g6 17. Qg5 Qd7 18. Ne5 Bxe5 19. dxe5 Qe7 20. Qg3 c5 21. f4
Nc6 22. Rad1 Rad8 23. Qf3 Qd7 24. Rd2 Ne7 25. Rfd1 a4 26. e4 d4 27. b4 Qe6 28.
Qa3 Qc6 29. bxc5 bxc5 30. Qf3 Rb8 31. Ba3 Rb5 32. h3 Qb6 33. Qd3 Rb8 34. Qc2
Nc6 35. Qc4 Nb4 36. g4 Qc6 37. Bxb4 Rxb4 38. Qd5 Qb6 39. Qd6 Rd8 40. Qxb6 Rxb6
41. Rc1 a3 42. Rxc5 Rb2 43. Rf2 d3 44. Rd5 Rxd5 45. exd5 d2 46. Rf1 Rc2 47. Rd1
Rc1 48. Kf2 Rxd1 49. Ke2 Ra1 50. Kxd2 Rxa2+ 51. Kc3 Rh2 52. d6 a2 0-1

[Event "Politiken Cup 2007"]
[Site "Helsingor"]
[Date "2007.07.21"]
[Round "1.91"]
[White "Soraas, Torben"]
[Black "Christiansen, Torsten Sundgaard"]
[Result "1-0"]
[WhiteElo "2155"]
[BlackElo "1658"]
[PlyCount "43"]
[EventDate "2007.??.??"]

1. e4 e5 2. d4 exd4 3. Nf3 Bb4+ 4. c3 dxc3 5. bxc3 Bc5 6. Bc4 Nf6 7. e5 Ng8 8.
Bxf7+ Kxf7 9. Qd5+ Ke8 10. Qxc5 Nc6 11. O-O b6 12. Qe3 h6 13. Ba3 Nge7 14. Nbd2
Rf8 15. Rfe1 Kf7 16. Rad1 Kg8 17. Ne4 Qe8 18. Ng3 Nd8 19. Nh4 c5 20. Ne4 Qh5
21. Qg3 Ne6 22. Nf6+ 1-0

[Event "Politiken Cup 2007"]
[Site "Helsingor"]
[Date "2007.07.21"]
[Round "1.92"]
[White "Rostgaard, Tobias Valentin"]
[Black "Kovachev, Daniel Jakobsen"]
[Result "0-1"]
[WhiteElo "1656"]
[BlackElo "2153"]
[PlyCount "62"]
[EventDate "2007.??.??"]

1. e4 Nc6 2. Nf3 e5 3. d4 exd4 4. Bc4 Nf6 5. e5 d5 6. Bb5 Ne4 7. Nxd4 Bd7 8.
Bxc6 bxc6 9. O-O Bc5 10. Be3 Bb6 11. f3 Ng5 12. f4 Ne4 13. Nc3 Nxc3 14. bxc3
Qe7 15. Bf2 O-O 16. Re1 c5 17. Nb3 c6 18. g4 c4 19. Nd4 Rfe8 20. f5 Qg5 21. Qf3
c5 22. h4 Qd8 23. e6 cxd4 24. exd7 Qxd7 25. Bxd4 Bxd4+ 26. cxd4 Rab8 27. Rab1
Rxb1 28. Rxb1 h6 29. Kf2 Re4 30. c3 Qd6 31. Qg3 Re2+ 0-1

[Event "Politiken Cup 2007"]
[Site "Helsingor"]
[Date "2007.07.21"]
[Round "1.93"]
[White "Corke, Anya"]
[Black "Madsen, Tobias Juul"]
[Result "1-0"]
[WhiteElo "2149"]
[BlackElo "1651"]
[PlyCount "35"]
[EventDate "2007.??.??"]

1. d4 Nf6 2. Bg5 e6 3. e4 Be7 4. Nd2 d5 5. e5 Nfd7 6. Bxe7 Qxe7 7. c3 O-O 8.
Bd3 c5 9. Ne2 Nc6 10. O-O c4 11. Bc2 b5 12. f4 Nb6 13. Nf3 h6 14. Ng3 a5 15.
Nh5 b4 16. Qe1 a4 17. Qg3 g6 18. Nh4 1-0

[Event "Politiken Cup 2007"]
[Site "Helsingor"]
[Date "2007.07.21"]
[Round "1.94"]
[White "Eiholt, Bjarne"]
[Black "Helmers, Wim"]
[Result "1/2-1/2"]
[WhiteElo "1647"]
[BlackElo "2142"]
[PlyCount "70"]
[EventDate "2007.??.??"]

1. d4 Nf6 2. c4 e6 3. Nc3 Bb4 4. Qc2 c5 5. dxc5 Nc6 6. Nf3 Bxc5 7. Bg5 h6 8.
Bh4 b6 9. a3 Be7 10. e3 Bb7 11. Be2 Rc8 12. Rd1 O-O 13. O-O Na5 14. Ne5 d6 15.
b4 Nc6 16. Nf3 Nb8 17. Qb3 Ne4 18. Bxe7 Qxe7 19. Nxe4 Bxe4 20. Rd4 d5 21. cxd5
Bxd5 22. Qb2 Qf6 23. Rfd1 Rc7 24. Qd2 Nc6 25. Rf4 Qe7 26. Qb2 f5 27. Ne5 Nxe5
28. Qxe5 Rfc8 29. Rfd4 Qg5 30. Qg3 Rc3 31. R4d3 Rxd3 32. Rxd3 Rc1+ 33. Rd1 Rc3
34. Rd3 Rc1+ 35. Rd1 Rc3 1/2-1/2

[Event "Politiken Cup 2007"]
[Site "Helsingor"]
[Date "2007.07.21"]
[Round "1.95"]
[White "Holst, Conny"]
[Black "Baldursson, Gestur"]
[Result "1-0"]
[WhiteElo "2139"]
[BlackElo "1625"]
[PlyCount "65"]
[EventDate "2007.??.??"]

1. d4 d5 2. c4 e6 3. Nc3 Nf6 4. Bg5 Be7 5. e3 h6 6. Bh4 b6 7. Nf3 Bb7 8. cxd5
Nxd5 9. Bxe7 Qxe7 10. Bd3 Nd7 11. Rc1 c5 12. dxc5 Nxc5 13. Bb5+ Nd7 14. Ne5
N5f6 15. Qa4 a6 16. Bc6 b5 17. Qd1 Bxc6 18. Nxc6 Qc5 19. Ne4 Qd5 20. Nd6+ Kf8
21. O-O g6 22. Nb4 Qxd1 23. Rfxd1 Kg7 24. Rc7 Rhf8 25. Nc6 Nc5 26. Ne5 Na4 27.
Ndxf7 Nxb2 28. Ng5+ Kg8 29. Nxe6 Ne8 30. Rdd7 Rf6 31. Ng4 Rxe6 32. Nxh6+ Kf8
33. Rf7# 1-0

[Event "Politiken Cup 2007"]
[Site "Helsingor"]
[Date "2007.07.21"]
[Round "1.96"]
[White "Svane, Rasmus"]
[Black "Christensen, Janus"]
[Result "1/2-1/2"]
[WhiteElo "1617"]
[BlackElo "2137"]
[PlyCount "109"]
[EventDate "2007.??.??"]

1. e4 c5 2. Nf3 d6 3. d4 Nf6 4. Nc3 cxd4 5. Nxd4 a6 6. Bc4 Qc7 7. Bb3 e6 8. O-O
b5 9. a3 Bb7 10. Bxe6 fxe6 11. Nxe6 Qd7 12. Nd5 Nc6 13. Nec7+ Kf7 14. Nxa8 Bxa8
15. Nxf6 gxf6 16. Qh5+ Ke7 17. Bf4 Qe6 18. Rad1 Kd7 19. Rfe1 Ne5 20. b3 Be7 21.
Bg3 Rc8 22. f4 Qg4 23. Qxh7 Ng6 24. f5 Nf4 25. Rd2 Qg5 26. Red1 Rc6 27. Qh4
Qxh4 28. Bxh4 a5 29. Rf2 Nh5 30. g4 Ng7 31. e5 Ne8 32. exf6 Nxf6 33. g5 Ne4 34.
Rg2 Rc5 35. Rf1 Nxg5 36. Rxg5 Bxg5 37. Bxg5 Rxc2 38. Rf2 Rc5 39. Kf1 Be4 40. f6
Re5 41. Bh6 Bf5 42. Kg2 Ke6 43. Bg7 Bg6 44. Kg3 Rd5 45. Rf3 b4 46. axb4 axb4
47. Rf4 Rd3+ 48. Rf3 Rxf3+ 49. Kxf3 Bc2 50. Ke2 Bxb3 51. Kd2 Kf5 52. Bf8 Bc4
53. Bxd6 b3 54. Kc3 Kxf6 55. Bc5 1/2-1/2

[Event "Politiken Cup 2007"]
[Site "Helsingor"]
[Date "2007.07.21"]
[Round "1.97"]
[White "Peschardt, Soren"]
[Black "Jeppesen, Asger Sandahl"]
[Result "1-0"]
[WhiteElo "2137"]
[BlackElo "1607"]
[PlyCount "95"]
[EventDate "2007.??.??"]

1. d4 d5 2. Nf3 Nf6 3. g3 g6 4. Bg2 Bg7 5. O-O O-O 6. c4 c6 7. Nc3 Na6 8. Ne5
Be6 9. cxd5 Nxd5 10. Nf3 Nac7 11. e4 Nxc3 12. bxc3 Bc4 13. Re1 Ne6 14. Be3 Qa5
15. Qc2 Rfd8 16. Rab1 Qa6 17. Bf1 Bxf1 18. Rxf1 Rac8 19. Nd2 b6 20. Rbe1 Qa5
21. f4 c5 22. Nb3 Qa4 23. d5 Nc7 24. c4 Na6 25. Bd2 Nb4 26. Bxb4 Qxb4 27. Qe2
Qa4 28. e5 Qd7 29. e6 fxe6 30. Qxe6+ Qxe6 31. Rxe6 Bf6 32. g4 Rd6 33. Rfe1 Rxe6
34. Rxe6 Kf7 35. a4 Bc3 36. Kf2 Rc7 37. Kf3 Bb4 38. Nc1 Rd7 39. Nd3 Rd6 40.
Ne5+ Kf8 41. Ke4 Bd2 42. f5 Rxe6 43. dxe6 gxf5+ 44. gxf5 Bc3 45. Nd7+ Kg7 46.
Kd5 h5 47. h3 h4 48. Kc6 1-0